00420pab a2200145 454500008004000000100002300040245009100063260000900154300001400163362000800177650002800185650001200213700001900225773003000244180718b2004 xxu||||| |||| 00| 0 eng d aVaughn, Jacqueline aUsing parallel strategies to promote change: forest policy making under George W. Bush c2004 ap.767-82. aNov aForests - United States aForests aCortner, Hanna aReview of Policy Research